[Event "Central-SRB chT 2018"]
[Site "Kragujevac"]
[Date "2018.09.22"]
[Round "11"]
[White "Barlov, Dragan"]
[Black "Ristic, Nebojsa M"]
[Result "1/2-1/2"]
[WhiteElo "2414"]
[BlackElo "2361"]
[Annotator "TA"]
[PlyCount "20"]
[EventDate "2018.09.14"]
[EventType "team-tourn"]
[EventCountry "SRB"]
[SourceTitle "playchess.com"]
[Source "ChessBase"]
[SourceQuality "1"]

{[%evp 17,18,0,4]} 1. Nf3 Nf6 2. c4 g6 3. g3 Bg7 4. Bg2 O-O 5. O-O c5 6. Nc3 Nc6 7. d3 d6 8. e4 e5 {A38: Englische Eröffnung (Symmetrische Variante)} 9. h3 (9. Ne1 Ne8 10. Nc2 Nc7 11. Ne3 Rb8 12. a4 Nd4 13. Ne2 {½-½ (13) Ivanchuk,V (2731)-Erdos,V (2613) Tsaghkadzor 2015}) 9... h6 {LiveBook: 5 Partien} {Vorgänger:} 10. Be3 $146 Be6 {½-½ (10) Kalezic,B (2422)-Drasko,M (2431) Podgorica 2014} 1/2-1/2

[Event "Central-SRB chT 2018"]
[Site "Kragujevac"]
[Date "2018.09.22"]
[Round "11"]
[White "Djordjevic, Vuk"]
[Black "Ivanov, Mikhail M"]
[Result "0-1"]
[WhiteElo "2404"]
[BlackElo "2367"]
[Annotator "TA"]
[PlyCount "80"]
[EventDate "2018.09.14"]
[EventType "team-tourn"]
[EventCountry "SRB"]
[SourceTitle "playchess.com"]
[Source "ChessBase"]
[SourceQuality "1"]

{[%evp 18,79,30,29,37,16,14,18,19,22,20,12,23,27,21,14,19,23,28,0,0,-60,35,21,39,53,31,35,80,67,123,133,129,129,132,70,133,133,133,122,140,140,124,131,140,134,129,119,212,229,222,228,233,209,333,228,140,0,0,-29997,-29998,-29998,-29999,-29999]} 1. d4 d5 2. Bf4 Nf6 3. e3 c5 4. c3 Nc6 5. Nd2 cxd4 6. exd4 {D00: Damenbauernspiele} Bf5 7. Ngf3 e6 8. Qb3 Qc8 (8... Bd6 9. Bg3 Bxg3 10. hxg3 Qd6 11. Qxb7 Rb8 12. Qa6 O-O {0-1 (36) Caruana,F (2816)-Grischuk,A (2766) Paris 2018}) 9. Nh4 Bg4 10. h3 {LiveBook: 14 Partien} Bh5 $1 11. g4 Bg6 $1 12. Nxg6 hxg6 13. Be2 Be7 {[%cal Bf8e7,Be7d8,Bd8c7,Bc7d6][%mdl 32] [#]} 14. Kf1 $146 Bd8 15. Kg2 Bc7 16. Be3 Rb8 17. Bd3 a6 18. a4 Qd7 19. f4 (19. Nf3 $11) 19... Ne7 (19... Na5 $1 $15 20. Qb4 Qd8) 20. Qc2 $14 Bd6 21. Nf3 Qc7 22. Ne5 Nfg8 23. Qe2 f5 {[#]} (23... Nf6 $14) 24. g5 $1 $16 Bxe5 25. dxe5 Kf7 26. Rhc1 ({Günstiger ist} 26. a5 $16) 26... Rd8 (26... Nc6 $14) 27. b4 Nc8 28. a5 Nge7 29. b5 axb5 30. Bxb5 Rh4 31. Qd2 Rdh8 32. Rh1 d4 (32... Nc6 $16) 33. Qxd4 $18 Nd5 34. c4 Nxe3+ 35. Qxe3 Ne7 (35... Rd8 $142 36. Rhd1 Rhh8 37. Rxd8 Rxd8) 36. Kg3 Qd8 37. Ra3 {[#]} ({Besser ist} 37. Qf3 $16) 37... Rg4+ $3 $11 {[%mdl 512]} 38. Kh2 $2 {[%mdl 8192] [#]} (38. Kf2 $11) (38. hxg4 Rxh1) 38... Rxh3+ $1 {[%mdl 512] Schwarz setzt Matt.} 39. Qxh3 Qd2+ 40. Qg2 Qxg2# {Precision: Weiß = 59%, Schwarz = 44%.} 0-1

[Event "Central-SRB chT 2018"]
[Site "Kragujevac"]
[Date "2018.09.22"]
[Round "11"]
[White "Soysal, Serkan"]
[Black "Ristic, Nenad"]
[Result "1/2-1/2"]
[WhiteElo "2404"]
[BlackElo "2359"]
[Annotator "TA"]
[PlyCount "145"]
[EventDate "2018.09.14"]
[EventType "team-tourn"]
[EventCountry "SRB"]
[SourceTitle "playchess.com"]
[Source "ChessBase"]
[SourceQuality "1"]

{[%evp 16,145,89,95,116,22,28,29,25,6,14,14,37,25,26,18,33,8,32,33,48,28,114,107,100,97,108,104,100,83,96,53,60,56,59,41,35,33,33,30,40,0,23,0,26,0,49,0,41,21,26,27,108,102,104,100,125,117,227,182,438,159,151,161,161,147,138,22,15,0,8,0,0,0,930,919,887,840,785,714,702,701,676,658,699,691,588,539,1583,1638,1941,1731,1796,1742,5277,5157,2247,1744,1617,1487,1231,1103,29971,29971,29974,29974,29973,29975,29974,29976,29975,29978,29978,29979,29979,29980,29980,29981,29980,29982,29982,0,0,0,0,0,0,0,0,0,0,0]} 1. d4 Nf6 2. Nf3 g6 3. c4 Bg7 4. Nc3 d5 5. h4 (5. e3 O-O 6. Bd2 dxc4 7. Bxc4 Nbd7 8. e4 c5 9. d5 Ne8 10. Qe2 a6 11. a4 Nd6 12. Bd3 Ne5 13. Nxe5 Bxe5 14. O-O e6 15. Be3 exd5 16. Nxd5 {½-½ (25) Mamedyarov,S (2808)-Vachier Lagrave,M (2789) Stavanger 2018}) 5... c5 6. dxc5 {D90: Grünfeld: 4 Nf3 Bg7 sidelines} Qa5 7. cxd5 Nxd5 8. Qxd5 Bxc3+ 9. Bd2 {LiveBook: 10 Games} Be6 $146 ({Predecessor:} 9... Bxd2+ 10. Qxd2 Qxd2+ 11. Nxd2 Be6 12. e3 O-O {1-0 (41) Fridman,D (2604)-Kantans,T (2443) Riga 2014}) 10. Qd3 ({Much worse is} 10. Bxc3 $6 Qxc3+ 11. bxc3 Bxd5 $11) (10. Qxb7 $16 Bxd2+ 11. Nxd2) 10... Bxd2+ $11 11. Qxd2 Qxd2+ 12. Kxd2 Na6 13. e4 {Threatens to win with Bxa6.} Nxc5 14. Ke3 $36 {[%mdl 2048] White has good play.} O-O 15. Ng5 Rac8 16. h5 (16. Be2 {with more complications.} Bd7 17. Rhd1 a5 18. Rac1 f6 19. Nf3) 16... f6 (16... Na4 {is more complex.} 17. hxg6 hxg6 18. Rh7 Bg4 19. b3 Rc5) 17. Nxe6 Nxe6 18. b3 {[%cal Bb2b3,Bb3b4][%mdl 32]} Kg7 (18... Rc3+ $11 19. Kd2 Rc6) 19. Bc4 $16 Nc5 20. Rac1 Rfd8 21. b4 Na6 22. h6+ Kf8 23. a3 Nc7 24. f4 e6 25. f5 gxf5 26. exf5 exf5 27. Rhd1 Ke7 28. Re1 {[%mdl 1024] White has compensation.} Kf8 29. Red1 Ke7 30. Re1 Kf8 31. Kf4 b5 32. Bf1 Ne6+ 33. Kxf5 Nd4+ (33... Rxc1 $1 $11 34. Rxc1 Ke7) 34. Kxf6 {And now Rxc8 would win.} Rd6+ 35. Kg5 Rcd8 36. Re5 a6 (36... Rg6+ $16 37. Kh5 Rdd6) 37. Kh5 Rf6 $2 (37... Nc6 {keeps fighting.} 38. Rf5+ Kg8) 38. g4 $2 (38. Bd3 $18 {and the rest is easy.}) 38... Rf2 {...Rh2+ is the strong threat.} 39. g5 {Strongly threatening Bd3.} Nf5 {White must now prevent ...Ng3+.} 40. Bh3 Ng3+ 41. Kh4 (41. Kg4 $1 $16 {[%cal Rg4g3]} Ne2 42. Rxe2 Rxe2 43. Kf3) 41... Ne2 $1 $11 {( -> ...Rd4+)} 42. g6 Nxc1 43. gxh7 Kf7 44. Kg5 Nd3 $2 {[%mdl 8192]} (44... Rf6 $11 45. Rc5 Rg6+ 46. Kh5 Rg3 47. Rc7+ Kf6 48. Rc6+ Ke5) 45. Be6+ $1 $18 Ke7 46. Re3 Rh8 47. Bf5+ Kd6 48. Rxd3+ {[%mdl 4096] Endgame KRR-KRB} Ke5 49. Re3+ Kd4 50. Re7 Rf8 {[#]} 51. Rf7 $3 {[%mdl 512]} Rh8 (51... Rxf7 52. h8=Q+) 52. Kf6 Rb8 53. Kg7 Rg2+ 54. Bg6 Kc4 55. h8=Q Rxh8 56. Kxh8 Rxg6 {KR-KR} 57. Kh7 Rg3 58. Rg7 Rxa3 59. Rg4+ $1 Kb3 60. Kg7 Ka4 61. h7 Rh3 62. h8=Q Rxh8 63. Kxh8 a5 {[#]} 64. bxa5+ $1 Kxa5 {[#] KR-KP} 65. Kg7 $1 {[%cal Rg7f6]} b4 66. Kf6 b3 67. Ke5 b2 68. Rg8 $2 (68. Rg1 {mates} Ka4 69. Kd4 Kb3 70. Kd3 Kb4 71. Kc2 Kc5 72. Rd1 b1=Q+ 73. Kxb1) 68... Kb4 $11 {The position is equal.} ({Not} 68... b1=Q $2 69. Ra8+ Kb4 70. Rb8+ Kc4 71. Rxb1 Kc3 72. Rc1+ Kd3 73. Rc8) 69. Kd4 {Intending Rb8+ and mate.} Kb3 70. Rg3+ Ka2 71. Rg2 Ka1 72. Rxb2 Kxb2 73. Ke4 {Precision: White = 47%, Black = 40%.} 1/2-1/2

[Event "Central-SRB chT 2018"]
[Site "Kragujevac"]
[Date "2018.09.22"]
[Round "11"]
[White "Pavlovic, Dejan S"]
[Black "Marinkovic, Ivan"]
[Result "1/2-1/2"]
[WhiteElo "2396"]
[BlackElo "2459"]
[Annotator "TA"]
[PlyCount "137"]
[EventDate "2018.09.14"]
[EventType "team-tourn"]
[EventCountry "SRB"]
[SourceTitle "playchess.com"]
[Source "ChessBase"]
[SourceQuality "1"]

{[%evp 12,137,32,25,36,29,33,55,49,26,53,-10,-12,-64,-58,-100,-50,-44,0,-71,-78,-82,-63,-91,-50,-70,-59,-79,-67,-149,-109,-149,-85,-181,-72,-71,-62,-72,-85,-70,-73,-73,-73,-73,-73,-72,-81,-69,-71,-70,-63,-81,-81,-123,-105,-118,-56,-35,0,0,0,-8,0,0,0,0,0,0,0,0,0,0,29,0,0,0,0,-59,0,0,0,0,0,0,0,0,0,0,0,0,372,74,72,0,0,0,0,0,0,0,0,0,0,0,0,0,0,0,0,0,0,0,0,0,0,0,0,0,0,0,0,0,0,0,0,0,0,0]} 1. d4 Nf6 2. Bg5 c5 3. Bxf6 gxf6 4. d5 Qb6 5. Qc1 f5 6. c4 Bg7 7. Nc3 {LiveBook: 104 Games. A45: Trompowsky Attack} Qa5 (7... d6 8. e3 Nd7 9. Qc2 Ne5 10. Nh3 Bd7 11. Be2 Ng6 12. O-O O-O 13. Kh1 Qd8 14. Rad1 a6 {½-½ (61) Vitiugov,N (2734)-Hou,Y (2658) Belokurikha 2018}) 8. e3 Bxc3+ 9. bxc3 {White is slightly better.} d6 10. Bd3 Nd7 {[%cal Bb8d7,Bd7f6,Bf6g4][%mdl 32]} 11. f4 $146 (11. Nf3 $14) ({Predecessor:} 11. Ne2 Qa4 12. Bxf5 Qxc4 13. Qd2 Ne5 14. Bxc8 Rxc8 {1-0 (35) Rahman,Z (2511)-Chatterjee,D (2236) Dhaka 2008}) 11... Rg8 12. Kf2 (12. g3 $11) 12... Nf6 $15 13. Ne2 Ng4+ 14. Kf1 Qa4 15. h3 (15. Ng3 $1 $11 {keeps the balance.}) 15... Nf6 $17 16. Qb1 b6 17. Kf2 Ba6 18. Qb3 Qd7 19. Qc2 e6 20. Rhd1 (20. Rhe1 $15) 20... Kf8 21. a4 Bb7 ({Better is} 21... Qe7 22. Ng3 Bb7) 22. e4 (22. a5 $17) 22... fxe4 ({But not} 22... exd5 23. exd5 Re8 24. Kg1 $15) (22... Re8 $19 {and Black stays clearly on top.} 23. e5 dxe5 24. fxe5 Nxd5 25. cxd5 Qxd5) 23. Bxe4 Re8 24. Bf3 exd5 25. cxd5 Qe7 $1 26. c4 Qe3+ 27. Kf1 {[#]} Ne4 $1 28. Bxe4 Qxe4 29. Qxe4 Rxe4 30. a5 {Black should prevent axb6.} Rxc4 31. axb6 a6 32. Ra3 Rb4 33. Re3 Rxb6 (33... h5 $17 34. Kg1 h4) 34. Ng3 $15 Bc8 35. Nh5 Bd7 36. Nf6 Bb5+ 37. Kf2 Rg6 38. Nxh7+ Kg7 39. Ng5 Rf6 40. Kf3 Ba4 41. Rd2 Bb3 42. Ne4 Rh6 43. f5 a5 44. Kf4 (44. f6+ $11 Kg8 45. Kf4) 44... a4 (44... Rb4 $15 45. Rg3+ Kh7) 45. Rg3+ $11 Kf8 46. Kg5 Rh8 47. Re3 a3 48. Nf6 $1 {[%cal Rf6d7] Strongly threatening Nd7+.} Kg7 {aiming for ...a2.} 49. Ne8+ Kf8 {Hoping for ...a2.} 50. Nf6 Ra6 $2 {[%mdl 8192]} (50... Kg7 $11 51. Nh5+ {[#]} Rxh5+ $1 {[%mdl 512]} 52. Kxh5 Rb4) 51. Rxb3 $2 (51. Nd7+ $18 {is the precise move to win.} Kg8 52. Rxb3 (52. Re8+ Kh7 $15)) 51... a2 $16 52. Rb8+ ({White should play} 52. Rxa2 $16 {White threatens Rb8+ and mate.} Rxa2 53. g4) 52... Kg7 $11 {The position is equal.} 53. Rxa2 $1 Rxa2 54. Nh5+ $1 {[#]} Rxh5+ $1 {[%mdl 512]} 55. Kxh5 {And now g4 would win.} Rxg2 {[%mdl 4096] Endgame KR-KR} 56. Rd8 Kf6 {White must now prevent ...Ke5.} 57. Rxd6+ Kxf5 58. Rc6 Rg8 {Threatens to win with ...Rh8+.} 59. Kh4 Kf4 {( -> ...Rh8+)} 60. Rf6+ Ke5 61. Rxf7 c4 62. Rc7 Kxd5 63. Kh5 Rh8+ 64. Kg4 Rg8+ 65. Kf5 Rf8+ 66. Kg4 Rg8+ 67. Kf5 Rh8 68. Kg4 Kd4 69. h4 {Precision: White = 54%, Black = 48%.} 1/2-1/2

[Event "Central-SRB chT 2018"]
[Site "Kragujevac"]
[Date "2018.09.22"]
[Round "11"]
[White "Nestorovic, Dejan"]
[Black "Biljanic, Ljubomir"]
[Result "1/2-1/2"]
[WhiteElo "2340"]
[BlackElo "2212"]
[Annotator "TA"]
[PlyCount "104"]
[EventDate "2018.09.14"]
[EventType "team-tourn"]
[EventCountry "SRB"]
[SourceTitle "playchess.com"]
[Source "ChessBase"]
[SourceQuality "1"]

{[%evp 16,104,27,30,40,37,91,88,85,93,139,64,97,24,33,0,2,12,0,0,36,35,133,124,133,131,113,109,111,119,200,138,147,156,159,156,144,144,155,154,193,112,185,12,64,0,0,0,35,0,200,203,309,308,295,275,347,99,103,101,133,67,68,11,11,14,10,18,17,18,13,8,8,8,9,0,7,-12,0,-18,0,0,0,-37,-37,-29986,-31,-29987,0,-29,0]} 1. d4 Nf6 2. c4 e6 3. Nc3 Bb4 4. e3 Nc6 5. Bd3 d5 6. Nf3 a6 7. O-O O-O 8. Qc2 dxc4 9. Bxc4 Bd6 {E51: Nimzo-Indian: Rubinstein: 4...0-0 5 Nf3 d5} 10. Rd1 Qe7 (10... Bd7 $14) 11. e4 $16 {Strongly threatening e5.} e5 {White must now prevent ...Nxd4.White is better.} 12. Bg5 Nb4 13. Qe2 (13. Qb3 $16 exd4 14. Rxd4 (14. Nxd4 h6 $11)) 13... h6 14. Bh4 ({Better is} 14. dxe5 $16 Bxe5 15. Nxe5 Qxe5 16. Bxf6 Qxf6 17. a3) 14... Bg4 $11 15. dxe5 Bxe5 16. h3 Bxf3 $1 17. Qxf3 g5 $146 18. Bg3 Nc2 (18... Bxg3 $14 19. Qxg3 (19. fxg3 Kg7 $11) 19... Nxe4 20. Nxe4 Qxe4 21. Qxc7 b5) 19. Rac1 Nd4 20. Rxd4 Bxd4 21. e5 $1 {[%cal Re5f6,Be4e5,Be5e6][%mdl 32]} Bxc3 (21... Bxe5 $2 22. Re1 $18) 22. Rxc3 Nh7 (22... Nd7 $2 23. Qf5 $18 (23. Qxb7 Nxe5 24. Bb3 Qf6 $14)) (22... Ne8 $16 {keeps fighting.}) 23. Qf5 {[%mdl 1024] Hoping for Bd3. White has strong compensation.} Rad8 24. e6 f6 25. Bb3 c6 26. Qg6+ Kh8 27. Qxh6 Rd2 28. Kh2 ({Resist} 28. Bc2 $6 Rxc2 29. Rxc2 Qxe6 $16) (28. h4 $1 $18) 28... Rxb2 (28... Rg8 $16) 29. Qg6 $2 (29. h4 $1 $18) 29... Rd8 (29... Rd2 $11) 30. Rf3 (30. Qh5 $14) 30... Re2 $1 31. h4 Qg7 32. Qf5 Qh6 $2 (32... gxh4 $11 33. Bxh4 Re5 34. Qxe5 fxe5 35. Bxd8 Qh6+ 36. Kg1 (36. Rh3 Qf4+ 37. Rg3 Qh6+ 38. Kg1 Qc1+ 39. Kh2 Qh6+ 40. Rh3 Qf4+ 41. Kg1 Qc1+ 42. Kh2 Qf4+ $11) 36... Qc1+ 37. Kh2 Qh6+ 38. Rh3 Qf4+ 39. Rg3 Qh6+ 40. Kg1 (40. Rh3 Qf4+ 41. Rg3 Qh6+ 42. Kg1 Qc1+ 43. Kh2 Qh6+ $11) 40... Qc1+ 41. Kh2 Qh6+ 42. Kg1 (42. Rh3 Qf4+ 43. Rg3 e4 $11) 42... Qc1+ 43. Kh2 Qh6+) 33. Rd3 $18 Re8 (33... Rxd3 {was worth a try.} 34. Qxd3 gxh4 35. Qxe2 hxg3+ 36. Kxg3 Qg5+ 37. Kh2 Qe5+ 38. Qxe5 fxe5) 34. Rd7 b5 35. Rf7 a5 {If only Black now had time for ...a4....} 36. Qf3 $2 (36. a4 $1 $18 {and the rest is easy.}) 36... R2xe6 $16 37. Bxe6 Rxe6 38. Qf5 ({White should play} 38. Qg4 $1 $16 {[%cal Rg4e6]} Re8 39. Rc7) 38... Re8 $14 39. Qd7 (39. Rc7 $14) 39... Rg8 $11 40. Qxc6 gxh4 41. Be5 {[%cal Re5f6]} Rf8 $1 {[%cal Rf8f7]} 42. Rb7 {Black should prevent Bd6.} h3 43. Rxb5 hxg2+ 44. Kxg2 Ng5 $132 {[%mdl 2048] Threatens to win with ...Qh3+. Black is not keeping still} 45. Bg3 Rd8 {( -> ...Qh3+)} 46. Rb1 Qh3+ 47. Kg1 Qf5 48. Rc1 Kg7 49. a4 Kg6 50. Kg2 $2 {[%mdl 8192] [#]} (50. Qb7 $15) 50... Qh3+ $1 51. Kg1 {[#]} Qf5 $2 (51... Rc8 $1 {mates} 52. Bc7 Nf3+ 53. Qxf3 Qxf3 54. Rc4 Re8 55. Rc1 Rh8 56. Bh2 Qg4+ 57. Kh1 Qh3 58. Kg1 Qxh2+ 59. Kf1 Re8 60. f4 Re2 61. f5+ Kg5 62. Re1 Qg2#) 52. Kg2 Ne4 {Precision: White = 40%, Black = 55%.} 1/2-1/2

[Event "Central-SRB chT 2018"]
[Site "Kragujevac"]
[Date "2018.09.22"]
[Round "11"]
[White "Savicevic, Vlatko"]
[Black "Csonka, Balazs"]
[Result "1/2-1/2"]
[WhiteElo "2338"]
[BlackElo "2450"]
[Annotator "TA"]
[PlyCount "35"]
[EventDate "2018.09.14"]
[EventType "team-tourn"]
[EventCountry "SRB"]
[SourceTitle "playchess.com"]
[Source "ChessBase"]
[SourceQuality "1"]

{[%evp 18,19,13,15]} 1. e4 e5 2. Nf3 Nc6 3. Bb5 a6 4. Ba4 Nf6 5. O-O Be7 6. d3 b5 7. Bb3 d6 8. a3 O-O 9. Nc3 Rb8 {C77: Ruy Lopez: 3...a6 4 Ba4 Nf6, unusual lines} (9... Na5 10. Ba2 Be6 11. b4 Bxa2 12. Rxa2 Nc6 13. Bg5 Ng4 14. Bd2 Nf6 15. Bg5 Ng4 16. Bd2 Nf6 17. Bg5 {½-½ (17) Vachier Lagrave,M (2789)-Carlsen,M (2843) Stavanger 2018}) 10. Nd5 {LiveBook: 7 Games} {Predecessor:} Nxd5 $146 11. exd5 Nd4 12. Nxd4 exd4 13. a4 Bf6 14. axb5 axb5 15. Bd2 Bd7 16. Ra5 Re8 17. Re1 Rxe1+ 18. Qxe1 {½-½ (33) Fressinet,L (2702)-Karpov,A (2628) Cap d'Agde 2015} 1/2-1/2

[Event "Central-SRB chT 2018"]
[Site "Kragujevac"]
[Date "2018.09.22"]
[Round "11"]
[White "Marcetic, Nikola"]
[Black "Gavrilovic, Leonardo"]
[Result "1-0"]
[WhiteElo "2333"]
[BlackElo "2243"]
[Annotator "TA"]
[PlyCount "91"]
[EventDate "2018.09.14"]
[EventType "team-tourn"]
[EventCountry "SRB"]
[SourceTitle "playchess.com"]
[Source "ChessBase"]
[SourceQuality "1"]

{[%evp 9,91,8,22,19,60,18,24,24,40,37,69,16,70,68,63,61,145,13,82,62,117,120,146,156,147,73,71,67,65,51,101,45,37,30,161,170,159,164,179,164,295,304,454,460,461,438,493,490,439,227,243,239,258,307,310,309,300,271,444,451,443,431,421,429,586,550,590,569,560,510,665,676,644,640,837,833,822,819,762,766,993,988,1021,1018]} 1. d4 Nf6 2. Bg5 Ne4 3. Bf4 d5 4. Nd2 Nxd2 5. Qxd2 e6 6. Nf3 {A45: Trompowsky Attack} c5 7. e3 Nc6 8. c3 {White has an edge.} Be7 (8... Bd6 9. Bd3 O-O 10. O-O Bxf4 11. exf4 cxd4 12. cxd4 Bd7 13. Rac1 Rc8 14. Rc3 Qe7 {0-1 (58) Postny,E (2588)-Sarana,A (2472) Minsk 2017}) 9. Bd3 Bd7 10. O-O ({White should play} 10. dxc5 $14 Bxc5 11. O-O) 10... a5 $146 (10... c4 $11 11. Be2 O-O) ({Predecessor:} 10... O-O 11. Rfe1 h6 12. Rad1 Qb6 13. Bb1 f5 {1-0 (67) Poetsch,H (2281)-Strunski,A (2329) playchess.com INT 2009}) 11. dxc5 $14 Bxc5 12. e4 d4 (12... Ne7 $14) 13. e5 (13. Bc2 $16) 13... Qb6 (13... dxc3 $1 $11 {remains equal.} 14. bxc3 (14. Qxc3 Qb6 $14) 14... Ne7) 14. Ng5 h6 (14... Ne7 $14) 15. Ne4 $16 Ne7 16. cxd4 Bb4 17. Nd6+ (17. Qe2 $142) 17... Qxd6 18. exd6 Bxd2 19. Bxd2 Nc8 20. Bf4 (20. d5 $16) 20... Bc6 $14 21. Rac1 {And now d5 would win.} Kd7 (21... O-O $1 $11) 22. d5 $1 $18 {[%cal Rd5c6]} exd5 23. Bf5+ Kd8 24. Rfe1 $36 {[%mdl 2048] White is in control.} g6 {[#]} (24... a4 {was necessary.} 25. Bh3 Rg8) 25. Be5 $1 {[%cal Re5f6] Intending Bf6+ and mate.} Nxd6 (25... gxf5 $142 26. Bxh8 Nxd6 27. Bf6+ Kc7 28. Re7+ Kb6) 26. Bf6+ (26. Bxh8 Nxf5 27. Bf6+ Kc7 $18) ({Weaker is} 26. Bxd6 gxf5 27. Re7 Bd7 $16) 26... Kc7 27. Re7+ Kb6 28. Bd4+ Ka6 29. Rxc6+ (29. Bd3+ $142 Bb5 30. Bxb5+ Nxb5 31. Bxh8 Rxh8 32. Rxf7) 29... bxc6 30. Bd3+ Nb5 {[#] ...Rhe8 is the strong threat.} 31. Bxh8 Rxh8 {[%mdl 4096] Endgame KRB-KRN} 32. a4 ({Not} 32. Rxf7 Kb6 $14) 32... Kb6 {Strongly threatening ...Nd6.} 33. axb5 {KRB-KR} c5 $2 (33... cxb5 {was worth a try.} 34. Rxf7 g5) 34. Rxf7 {White is clearly winning.} c4 35. Bxg6 Rd8 36. Kf1 Rd6 37. Bf5 Kc5 38. Ke2 d4 39. Kd2 Kb4 40. Rd7 Rf6 41. g4 d3 42. Rc7 Kxb5 43. Kc3 Rd6 44. Rd7 Rf6 45. Rd5+ Kb6 46. Kxc4 {Precision: White = 54%, Black = 23%.} 1-0

[Event "Central-SRB chT 2018"]
[Site "Kragujevac"]
[Date "2018.09.22"]
[Round "11"]
[White "Todorovic, Goran N"]
[Black "Radovanovic, Nikola"]
[Result "1/2-1/2"]
[WhiteElo "2326"]
[BlackElo "2420"]
[Annotator "TA"]
[PlyCount "29"]
[EventDate "2018.09.14"]
[EventType "team-tourn"]
[EventCountry "SRB"]
[SourceTitle "playchess.com"]
[Source "ChessBase"]
[SourceQuality "1"]

{[%evp 14,16,0,0,0]} 1. c4 g6 2. Nc3 Bg7 3. g3 Nf6 4. Bg2 O-O 5. e4 d6 6. Nge2 c5 7. d3 Nc6 8. a3 {LiveBook: 24 Games. A36: Symmetrical English vs ...g6: 4 Bg2 Bg7} (8. O-O a6 9. Rb1 Rb8 10. a4 Ne8 11. Be3 Nc7 12. d4 cxd4 13. Nxd4 Ne6 14. Nde2 Nc5 15. b4 Nd7 16. f4 a5 17. b5 Nb4 18. Nd5 Nc5 19. Nxb4 axb4 20. Rxb4 {0-1 (53) Eljanov,P (2711)-Amonatov,F (2636) Riadh 2017}) 8... a6 {Predecessor:} 9. Rb1 $146 Bg4 10. f3 Bd7 11. b4 cxb4 12. axb4 b5 13. c5 a5 14. cxd6 exd6 15. bxa5 {0-1 (29) Cuenca Jimenez,F (2205)-Paunovic,D (2551) Malaga 2010} 1/2-1/2

[Event "Central-SRB chT 2018"]
[Site "Kragujevac"]
[Date "2018.09.22"]
[Round "11"]
[White "Radovanovic, Jovica"]
[Black "Radovanovic, Mihajlo"]
[Result "0-1"]
[WhiteElo "2322"]
[BlackElo "2427"]
[Annotator "TA"]
[PlyCount "110"]
[EventDate "2018.09.14"]
[EventType "team-tourn"]
[EventCountry "SRB"]
[SourceTitle "playchess.com"]
[Source "ChessBase"]
[SourceQuality "1"]

{[%evp 28,110,60,12,26,0,18,10,33,28,25,0,10,0,38,36,33,0,12,0,16,15,16,7,19,0,0,0,0,0,0,0,0,-34,-12,-18,27,0,33,15,29,0,0,0,28,30,45,-29,-29,-29,-45,-49,-31,-30,-21,-56,-47,-62,-31,-53,-25,-37,-35,-80,-82,-208,-100,-124,-58,-129,-100,-467,-470,-380,-165,-688,-290,-1156,-135,-29992,-29993,-29993,-29994,-29994,-29995]} 1. d4 Nf6 2. c4 g6 3. Nf3 Bg7 4. g3 O-O 5. Bg2 d6 6. O-O Nc6 7. Nc3 Bf5 8. d5 Na5 9. Nd2 c5 10. e4 Bd7 11. Qc2 {E62: Königsindisch (6...Sc6)} a6 12. b3 b5 13. Rb1 Rb8 14. Bb2 (14. Ne2 e6 15. Bb2 exd5 16. cxd5 Re8 17. Rfe1 b4 18. Nf4 Ng4 19. Bxg7 Kxg7 20. Nd3 Bb5 {1-0 (42) Carlsen,M (2853)-Nakamura,H (2787) chess.com INT 2016}) 14... h5 {[%cal Bh7h5,Bh5h4][%mdl 32]} 15. Nd1 {LiveBook: 16 Partien} e5 16. Ne3 h4 17. Bc3 b4 18. Bb2 Nh5 $146 ({Vorgänger:} 18... h3 19. Bh1 Nh5 20. Rbe1 Nb7 21. Bf3 Qg5 22. Bd1 Rbe8 {1-0 (41) Golda,H (2230)-Kuhn,T (2127) Kitzingen 2010}) 19. Rbe1 Nb7 20. Qd1 hxg3 21. fxg3 Nf6 22. Qf3 a5 23. h4 Qc8 24. a4 bxa3 $1 25. Bc3 a4 26. bxa4 Ra8 27. Ra1 Rxa4 {[#] zielt auf ...a2 ab.} 28. Ra2 Ng4 29. Rfa1 Bh6 30. Nxg4 Bxg4 31. Qd3 Qa8 32. Nb1 {[%cal Ra2a3,Bd2b1,Bb1a3,Ba3b5][%mdl 32]} Qa6 33. Bf1 {[%cal Ra2a3]} f5 34. Rxa3 Rxa3 35. Nxa3 f4 36. Nb5 Qb6 37. Bd2 (37. Ra7 $14) 37... Qd8 $11 38. Ra2 Qf6 39. Bc1 Nd8 (39... Rf7 $5 {[%cal Rf4g3]} 40. Bg2 Kh7 $11) 40. Rf2 Nf7 41. Be2 Bd7 42. Bd2 Ra8 43. Be1 g5 44. Bh5 g4 45. Bxf7+ Kxf7 46. Bc3 (46. Rf1 $17) 46... Ke7 (46... f3 $19 47. Bb2 Ra4) 47. Rf1 Ra6 (47... f3 $17 48. Rf2 Ra4) 48. Qb1 ({Günstiger ist} 48. Bd2 $15) 48... Qg6 49. Kg2 $2 {[%mdl 8192]} (49. Be1 $17) 49... Ra4 $19 50. Qd3 Qh5 (50... fxg3 $142 51. Bb2 Bf4) 51. Bd2 $2 (51. Kg1) 51... Ra2 (51... Bxb5 $142 52. cxb5 Rd4) 52. Kg1 $2 {[#]} (52. Rf2) 52... f3 $2 (52... Rxd2 $1 $19 {[%mdl 512]} 53. Qxd2 fxg3) 53. Be3 $2 {[%mdl 8192]} (53. Rf2 $17 Ra6 54. Na3) 53... Rg2+ {[%cal Ba2g2,Bg2g3,Bg3h3][%mdl 32] Schwarz setzt Matt.} 54. Kh1 Rxg3 {[%cal Rh5h4]} 55. Rf2 Rh3+ {Precision: Weiß = 33%, Schwarz = 40%.} 0-1